000
00468nam a2200157Ia 4500
008
090124s9999 xx 000 0 und d
020
_a
81-88909-08-4
082
_b
45111
245
_a
पर्यावरण शब्दकोश
250
_a
0
300
_a
280
630
_a
पर्यावरण शब्दकोश
700
_a
साळी चेतन शंकर
730
_a
पर्यावरण शब्दकोश
942
_c
BOOK
999
_c
111327
_d
111327